书目信息 |
| 题名: |
中国湖泊摇蚊幼虫亚化石
|
|
| 作者: | 张恩楼 著 | |
| 分册: | ||
| 出版信息: | 北京 科学出版社 2019.11 |
|
| 页数: | 115页 | |
| 开本: | 24cm | |
| 丛书名: | ||
| 单 册: | ||
| 中图分类: | Q915.2 | |
| 科图分类: | ||
| 主题词: | 湖泊--hu bo--摇蚊幼虫--动物化石--研究--中国 | |
| 电子资源: | ||
| ISBN: | 978-7-03-062328-7 | |
| 000 | 01320nam0 2200253 450 | |
| 001 | 0109110153 | |
| 005 | 20201109110337.0 | |
| 010 | @a978-7-03-062328-7@dCNY118.00 | |
| 100 | @a20191216d2019 em y0chiy50 ea | |
| 101 | 0 | @achi |
| 102 | @aCN@b110000 | |
| 105 | @aa z 001yy | |
| 106 | @ar | |
| 200 | 1 | @a中国湖泊摇蚊幼虫亚化石@Azhong guo hu bo yao wen you chong ya hua shi@dSubfossil chironomids of the lakes in China@f张恩楼[等]著@zeng |
| 210 | @a北京@c科学出版社@d2019.11 | |
| 215 | @a115页@c彩图@d24cm | |
| 304 | @a著者还有:唐红渠、张楚明、曹艳敏 | |
| 330 | @a本书包括三章,共处理118种(型),隶属于5亚科,82属。第1章系统介绍摇蚊幼虫生活史、食性、地理分布等生物学及生态学知识、摇蚊分类系统的建立与发展及摇蚊亚化石在古湖沼学中的应用;第2章就书中涉及的材料来源及摇蚊亚化石实验室提取和制片方法进行介绍,并对摇蚊亚化石鉴定中常用的识别特征进行了概述;第3章为核心部分,对国内静水水域常见摇蚊的种类(包含部分非常见流水种)所属的亚科、属、属群甚至种进行了系统分类,详细描述了各属种的鉴定特征并提供了详细的检索表,并在最后简单介绍了几种非摇蚊类群的主要识别特征。 | |
| 510 | 1 | @aSubfossil chironomids of the lakes in China@zeng |
| 606 | 0 | @a湖泊@Ahu bo@x摇蚊幼虫@x动物化石@x研究@y中国 |
| 690 | @aQ915.2@v5 | |
| 701 | 0 | @a张恩楼@Azhang en lou@4著 |
| 801 | 0 | @aCN@bBJSZM@c20201103 |
| 905 | @b1240036-8@dQ915.2@e35@f3 | |
| 中国湖泊摇蚊幼虫亚化石=Subfossil chironomids of the lakes in China/张恩楼[等]著.-北京:科学出版社,2019.11 |
| 115页:彩图;24cm |
| ISBN 978-7-03-062328-7:CNY118.00 |
| 本书包括三章,共处理118种(型),隶属于5亚科,82属。第1章系统介绍摇蚊幼虫生活史、食性、地理分布等生物学及生态学知识、摇蚊分类系统的建立与发展及摇蚊亚化石在古湖沼学中的应用;第2章就书中涉及的材料来源及摇蚊亚化石实验室提取和制片方法进行介绍,并对摇蚊亚化石鉴定中常用的识别特征进行了概述;第3章为核心部分,对国内静水水域常见摇蚊的种类(包含部分非常见流水种)所属的亚科、属、属群甚至种进行了系统分类,详细描述了各属种的鉴定特征并提供了详细的检索表,并在最后简单介绍了几种非摇蚊类群的主要识别特征。 |
| ● |
| 相关链接 |
|
|
|
|
正题名:中国湖泊摇蚊幼虫亚化石
索取号:Q915.2/35
 
预约/预借
| 序号 | 登录号 | 条形码 | 馆藏地/架位号 | 状态 | 备注 |
| 1 | 1240036 | 212400365 | 第二样本阅览室/ [索取号:Q915.2/35] | 在馆 | |
| 2 | 1240037 | 212400374 | 第三借阅区/ [索取号:Q915.2/35] | 在馆 | |
| 3 | 1240038 | 212400383 | 第三借阅区/ [索取号:Q915.2/35] | 在馆 |